00832nam a2200193Ia 4500008004100000020001500041041001200056082001100068100001700079245006000096260003800156300000800194650001500202700001800217942000700235999001700242952019000259952018900449221030s9999 xx 000 0 und d a8131511114 aEnglish a105.23 aK. Gillespie 0aInternational Marketingcby K. Gillespie, J. P. Jeannet bCengage LearningaNew Delhic2008 a428 aManagement aJ. P. Jeannet cBK c10107d10107 pMBA 2107g350.00i741l0o105.23 eZigma, Jammur2024-04-19 00:00:00w2022-10-30yBK003Print4071aMIETLIBbMIETLIBcBL-Academic Block B, FL-2, CUP-138, SH-1, R-1d2012-02-0110HMBA pMBA 2108g350.00i741l0o105.23 eZigma, Jammur2024-04-19 00:00:00w2022-10-30yBK003Print4070aMIETLIBbMIETLIBcBL-Academic Block B, FL-, CUP-133, SH-2, R-2d2012-02-0110HMBA